[Event "7th Amplico AIG Life"]
[Site "Warsaw POL"]
[Date "2007.12.15"]
[Round "5"]
[White "Grabliauskas, V."]
[Black "Alvarado, C."]
[Result "1-0"]
[WhiteElo "2433"]
[BlackElo "2194"]
[PlyCount "103"]
[EventDate "2007.12.15"]
[Source "www.chesslib.no"]
[SourceDate "2004.05.04"]

1. d4 d5 2. c4 e6 3. Nc3 Nf6 4. Bf4 Bb4 5. a3 Bxc3+ 6. bxc3 O-O 7. e3 c5 8. Nf3 Nc6 9. Nd2 Re8 10. Be2 e5 11. dxe5 Nxe5 12. O-O Bf5 13. Qb3 b6 14. Rfd1 Ng6 15. Bg3 Be6 16. Bf3 Rc8 17. Qa2 dxc4 18. Ne4 Nd5 19. Rac1 Qe7 20. Nd6 Nf6 21. h3 Rcd8 22. Nxe8 Rxe8 23. Bd6 Qd8 24. Bxc5 Qc8 25. Bd4 Nd7 26. Bg4 f5 27. Bh5 Bf7 28. Rd2 Nb8 29. Rcd1 Nc6 30. Bxg6 hxg6 31. Qb2 Na5 32. Be5 Nb3 33. Rd7 Nc5 34. Rc7 Qa6 35. Bd6 Nd3 36. Qa2 Be6 37. a4 b5 38. Qa3 bxa4 39. Rb1 Bd5 40. Bc5 Qa5 41. Re7 Rxe7 42. Bxe7 Bxg2 43. Kxg2 Qd5+ 44. f3 Ne5 45. Rf1 Qd2+ 46. Rf2 Qxe3 47. Qc5 Qxc3 48. Qd5+ Kh7 49. Bb4 Qa1 50. Re2 Nd3 51. Qxc4 Qd1 52. Qh4+ 1-0

[Event "Jyvaskyla Open"]
[Site "Jyvaskyla FIN"]
[Date "1993.??.??"]
[Round "3"]
[White "Manninen, Marko"]
[Black "Hintikka, Eero"]
[Result "1-0"]
[WhiteElo "2355"]
[BlackElo "2230"]
[PlyCount "34"]
[EventDate "1993.07.??"]
[Source "www.chesslib.no"]
[SourceDate "2004.05.04"]

1. d4 d5 2. c4 e6 3. Nc3 Nf6 4. Bf4 Nc6 5. e3 Bb4 6. Qc2 O-O 7. a3 Bd6 8. Bxd6 cxd6 9. cxd5 exd5 10. Bd3 Re8 11. Nge2 Bg4 12. O-O Rc8 13. Nf4 g5 14. Nfxd5 Nxd5 15. Nxd5 Nxd4 16. Qa4 Ne2+ 17. Kh1 Nd4 1-0

[Event "Athens M/4"]
[Site "Athens GRE"]
[Date "1994.??.??"]
[Round "?"]
[White "Skalkotas, Nikolaos"]
[Black "Kofidis, Spyridon"]
[Result "1-0"]
[WhiteElo "2325"]
[BlackElo "2250"]
[PlyCount "54"]
[EventDate "1994.??.??"]
[Source "www.chesslib.no"]
[SourceDate "2004.05.04"]

1. d4 d5 2. c4 e6 3. Nc3 Nf6 4. Bf4 c6 5. e3 Be7 6. h3 Nbd7 7. Nf3 O-O 8. Qc2 Re8 9. O-O-O Nf8 10. Ne5 dxc4 11. Bxc4 Nd5 12. Bh2 f6 13. Nd3 b5 14. Bb3 a5 15. Nxd5 cxd5 16. a3 Bd7 17. Bc7 Qc8 18. Bb6 Qb7 19. Bc5 Rec8 20. Kb1 Be8 21. Qd2 Bg6 22. Bxe7 Qxe7 23. Ka1 a4 24. Ba2 b4 25. Rc1 b3 26. Bb1 Rab8 27. Qe2 Qd6 1-0

[Event "SVK-chT2 9697"]
[Site "SVK"]
[Date "1997.??.??"]
[Round "1"]
[White "Debnar, Lubos"]
[Black "Veselsky, Jozef"]
[Result "0-1"]
[WhiteElo "2280"]
[BlackElo "2250"]
[PlyCount "108"]
[EventDate "1997.??.??"]
[Source "www.chesslib.no"]
[SourceDate "2004.05.04"]

1. d4 d5 2. c4 e6 3. Nc3 Nf6 4. Bf4 Bd6 5. Qd2 dxc4 6. Nf3 Nc6 7. e4 Bxf4 8. Qxf4 O-O 9. Bxc4 Nxd4 10. O-O-O c5 11. e5 Nd5 12. Bxd5 exd5 13. Nxd4 cxd4 14. Qxd4 Be6 15. f4 Qa5 16. Rhf1 g6 17. f5 gxf5 18. Rf3 Kh8 19. Qh4 Qd8 20. Qd4 Rg8 21. g3 Qa5 22. Kb1 Rg4 23. Rf4 Rc8 24. Qd2 Rc4 25. Rxc4 Rxc4 26. Qh6 Rg4 27. Qf8+ Rg8 28. Qe7 Rc8 29. Qxb7 d4 30. Rxd4 Bxa2+ 31. Kc2 Be6 32. Qe7 Qb6 33. Qd6 Qb3+ 34. Kb1 Rb8 35. Rd2 Kg8 36. Qc7 Kg7 37. Qe7 h6 38. Qc5 Rc8 39. Qd4 a5 40. h4 Rc4 41. Qd3 Rc7 42. Nd5 Qxd3+ 43. Rxd3 Rc5 44. Nf4 Rxe5 45. Kc2 a4 46. Kc3 Rb5 47. Kc2 Kf6 48. Re3 Rb4 49. Rc3 Rd4 50. Rd3 Bb3+ 51. Kd2 Ke5 52. Rxd4 Kxd4 53. Ke2 Ke4 54. Kf2 Bc4 0-1

[Event "EuTChw, Leon ESP"]
[Site "?"]
[Date "2001.??.??"]
[Round "5"]
[White "Mamedjarova, Z."]
[Black "Medic, Mir"]
[Result "1-0"]
[WhiteElo "2230"]
[BlackElo "2275"]
[PlyCount "95"]
[EventDate "2001.??.??"]
[Source "www.chesslib.no"]
[SourceDate "2004.05.04"]

1. d4 d5 2. c4 e6 3. Nc3 Nf6 4. Bf4 c6 5. e3 Bd6 6. Bg3 Bxg3 7. hxg3 Nbd7 8. Nf3 Qe7 9. Qc2 h6 10. Bd3 dxc4 11. Bxc4 Nb6 12. Be2 Nbd5 13. O-O Nxc3 14. bxc3 O-O 15. a4 c5 16. a5 Rb8 17. Rfb1 Qc7 18. Rb5 cxd4 19. exd4 Bd7 20. Rb2 Bc6 21. Ne5 Be4 22. Qd2 Nd7 23. Ng4 Rfc8 24. c4 b6 25. axb6 axb6 26. Qb4 h5 27. Ne3 Nf6 28. Rba2 Ra8 29. Ra6 g6 30. R1a3 Kg7 31. Qb2 Rh8 32. d5 Rxa6 33. Rxa6 Rb8 34. g4 e5 35. f3 Qc5 36. Ra3 Qd4 37. Qc1 hxg4 38. fxe4 Qxe4 39. Qe1 Rh8 40. Qg3 Nh5 41. Qxg4 Nf4 42. Bf1 Rh5 43. d6 f5 44. d7 fxg4 45. d8=Q Nh3+ 46. gxh3 gxh3 47. Bxh3 Qb1+ 48. Nf1 1-0

[Event "CZE-chTJ 0001"]
[Site "?"]
[Date "2001.??.??"]
[Round "2"]
[White "Rozmbersky David"]
[Black "Kalivoda Jaroslav"]
[Result "1/2-1/2"]
[WhiteElo "2200"]
[BlackElo "2185"]
[PlyCount "88"]
[EventDate "2001.??.??"]
[Source "www.chesslib.no"]
[SourceDate "2004.05.04"]

1. d4 d5 2. c4 e6 3. Nc3 Nf6 4. Bf4 c6 5. e3 Qa5 6. a3 dxc4 7. Bxc4 Nd5 8. Nge2 Nxf4 9. Nxf4 Be7 10. h4 Nd7 11. b4 Qc7 12. Bxe6 fxe6 13. Nxe6 Qd6 14. Nxg7+ Kf8 15. Nf5 Qg6 16. Ng3 Nf6 17. e4 Bg4 18. Qb3 Rd8 19. Qc4 a6 20. Qd3 h5 21. f3 Be6 22. Nge2 Rg8 23. g3 Qf7 24. Qe3 Bc4 25. Qf4 Ke8 26. O-O Qe6 27. Rf2 Bxe2 28. Nxe2 Bd6 29. e5 Nd5 30. Qe4 Be7 31. Kh2 Qh6 32. f4 Rg4 33. Rg1 Kd7 34. Rgg2 Rdg8 35. Qf3 Bd8 36. Kg1 Rf8 37. Qe4 Kc8 38. Rf3 Qg7 39. Rff2 Be7 40. Kh1 Qh6 41. Rf3 Qg7 42. Rff2 Qh6 43. Kg1 Bd8 44. Qd3 Rfg8 1/2-1/2

[Event "BdF"]
[Site "?"]
[Date "2004.??.??"]
[Round "?"]
[White "Methling Ludger(GER)"]
[Black "Gensicke Wolfgang(GER)"]
[Result "1/2-1/2"]
[WhiteElo "2236"]
[BlackElo "2077"]
[PlyCount "55"]
[EventDate "2004.??.??"]
[Source "www.chesslib.no"]
[SourceDate "2004.05.04"]

1. d4 d5 2. c4 e6 3. Nc3 Nf6 4. Bf4 dxc4 5. e3 a6 6. Bxc4 c5 7. Nf3 b5 8. Be2 Bb7 9. O-O Nbd7 10. Rc1 Rc8 11. a3 Be7 12. dxc5 Nxc5 13. Qxd8+ Rxd8 14. Nd4 Rc8 15. b4 Ncd7 16. Nb3 O-O 17. Rfd1 Rfd8 18. f3 e5 19. Bg3 Rc7 20. Ne4 Rxc1 21. Nxf6+ Bxf6 22. Rxc1 Bd5 23. Nc5 Nxc5 24. Rxc5 e4 25. Bc7 Rc8 26. Rxd5 Rxc7 27. Rd6 Ra7 28. fxe4 1/2-1/2

[Event "Pologne (champoionnat U16 -U18)"]
[Site "?"]
[Date "2004.03.28"]
[Round "2.7"]
[White "Lubczynski Rafal"]
[Black "Brodowski Piotr"]
[Result "1/2-1/2"]
[WhiteElo "2088"]
[BlackElo "2217"]
[PlyCount "47"]
[EventDate "2004.??.??"]
[Source "www.chesslib.no"]
[SourceDate "2004.05.04"]

1. d4 d5 2. c4 e6 3. Nc3 Nf6 4. Bf4 Be7 5. e3 c6 6. Nf3 O-O 7. Bd3 Nbd7 8. O-O Re8 9. Re1 dxc4 10. Bxc4 Nb6 11. Bd3 c5 12. dxc5 Bxc5 13. Nb5 Nbd5 14. Bg3 a6 15. e4 axb5 16. exd5 exd5 17. Bxb5 Rxe1+ 18. Nxe1 Qb6 19. a4 Ne4 20. Nd3 Bd4 21. Rc1 Bf5 22. Qe2 Qg6 23. Qf3 Nxg3 24. Qxg3 1/2-1/2

[Event "Bayern"]
[Site "?"]
[Date "2001.11.25"]
[Round "3.8"]
[White "Wachinger Guenther"]
[Black "Gayer Michael"]
[Result "1-0"]
[WhiteElo "2180"]
[BlackElo "2045"]
[PlyCount "97"]
[EventDate "2001.??.??"]
[Source "www.chesslib.no"]
[SourceDate "2004.05.04"]

1. d4 d5 2. c4 e6 3. Nc3 Nf6 4. Bf4 c6 5. e3 Be7 6. h3 Nbd7 7. cxd5 exd5 8. Bd3 O-O 9. Qc2 Re8 10. Nf3 Nf8 11. Ne5 Be6 12. O-O N6d7 13. Nf3 Ng6 14. Bh2 Ndf8 15. Na4 Bd6 16. Ne5 f6 17. Nxg6 Bxh2+ 18. Kxh2 Nxg6 19. Bxg6 hxg6 20. Qxg6 Qc8 21. Rac1 Bf5 22. Qg3 Qd7 23. Nc5 Qe7 24. Rc3 Kf7 25. b4 a6 26. a3 Rh8 27. f3 Rh5 28. e4 Bg6 29. Re1 dxe4 30. Nxe4 Bxe4 31. Rxe4 Qd7 32. Rce3 Rg5 33. Re7+ Qxe7 34. Rxe7+ Kxe7 35. Qc7+ Kf8 36. Qxb7 Rd8 37. Qxa6 Rxd4 38. Qa8+ Ke7 39. Qxc6 Rd2 40. f4 Rgd5 41. b5 Rd6 42. Qc7+ Rd7 43. Qc5+ Kf7 44. a4 R2d5 45. Qc4 Kg6 46. a5 Rd4 47. Qc2+ Kh6 48. a6 Rb4 49. Qc6 1-0

[Event "Hamburg GER, Open A 2005"]
[Site "?"]
[Date "2005.10.06"]
[Round "6"]
[White "Kurbangulov Viktor"]
[Black "Gollasch Theo-Heinz"]
[Result "0-1"]
[WhiteElo "2033"]
[BlackElo "2158"]
[PlyCount "51"]
[EventDate "2005.??.??"]
[Source "www.chesslib.no"]
[SourceDate "2004.05.04"]

1. d4 d5 2. c4 e6 3. Nc3 Nf6 4. Bf4 c6 5. e3 Bd6 6. Bxd6 Qxd6 7. c5 Qc7 8. f4 b6 9. b4 a5 10. a3 O-O 11. Nf3 Ba6 12. Ne5 Bxf1 13. Rxf1 Nfd7 14. Nd3 b5 15. Kf2 f6 16. Kg1 Rf7 17. Qg4 Nf8 18. e4 dxe4 19. Ne5 fxe5 20. dxe5 axb4 21. axb4 Rxa1 22. Rxa1 Qd8 23. Rd1 Rd7 24. Rd6 Rxd6 25. exd6 Qf6 26. Nxe4 0-1

[Event "Bled op-B"]
[Site "Bled"]
[Date "1996.??.??"]
[Round "8"]
[White "Frangez, Simon"]
[Black "Dezelak, B."]
[Result "0-1"]
[WhiteElo "1935"]
[BlackElo "2160"]
[PlyCount "51"]
[EventDate "1996.03.??"]
[Source "ChessBase"]

1. d4 d5 2. c4 e6 3. Nc3 Nf6 4. Bf4 c6 5. e3 Qa5 6. Qa4 Qxa4 7. Nxa4 dxc4 8. Nc3 b5 9. a4 b4 10. Na2 Ba6 11. Rc1 b3 12. Nc3 Nd5 13. Nf3 Bb4 14. Ne5 Nb6 15. Ra1 f6 16. Nf3 Nd5 17. Kd1 Bxc3 18. bxc3 b2 19. Rb1 Nxc3+ 20. Kc2 Nxb1 21. Kxb2 g5 22. Bd6 g4 23. Ne1 Nd2 24. Kc3 Ne4+ 25. Kb4 Nxd6 26. f3 0-1

[Event "LL TSG Wismar-FHS Stralsund"]
[Site "Stralsund"]
[Date "1997.??.??"]
[Round "?"]
[White "Jacobs, Hans_Juergen"]
[Black "Junggebauer, Thomas"]
[Result "1/2-1/2"]
[WhiteElo "2040"]
[BlackElo "1980"]
[PlyCount "55"]
[EventDate "1997.??.??"]
[Source "www.chesslib.no"]
[SourceDate "2004.05.04"]

1. d4 d5 2. c4 e6 3. Nc3 Nf6 4. Bf4 c6 5. e3 Nbd7 6. Nf3 Bb4 7. Qb3 Qa5 8. Rc1 O-O 9. Bd3 dxc4 10. Bxc4 Nd5 11. Bg3 N7f6 12. Bd3 b6 13. O-O Bxc3 14. bxc3 Ba6 15. c4 Ne7 16. Bd6 Rfe8 17. Ne5 Bb7 18. a4 c5 19. dxc5 Nc6 20. Qb5 Nxe5 21. Bxe5 Red8 22. Rfd1 Nd7 23. c6 Bxc6 24. Qxa5 bxa5 25. Bc7 Rdc8 26. Bxa5 Bxa4 27. Rd2 Nc5 28. Ra1 1/2-1/2

[Event "LL Guestrow-FHS Stralsund"]
[Site "Stralsund"]
[Date "1997.??.??"]
[Round "?"]
[White "Jacobs, Hans_Juergen"]
[Black "Seefluth, Horst"]
[Result "1-0"]
[WhiteElo "2035"]
[BlackElo "1940"]
[PlyCount "99"]
[EventDate "1997.??.??"]
[Source "www.chesslib.no"]
[SourceDate "2004.05.04"]

1. d4 d5 2. c4 e6 3. Nc3 Nf6 4. Bf4 c5 5. e3 a6 6. Nf3 Nc6 7. dxc5 Bxc5 8. Be2 O-O 9. O-O dxc4 10. Bxc4 b5 11. Be2 Bb7 12. Rc1 Qb6 13. a3 Rfd8 14. Qc2 Be7 15. Rfd1 Rxd1+ 16. Rxd1 Rd8 17. b4 Rxd1+ 18. Qxd1 Qd8 19. Qxd8+ Bxd8 20. Kf1 Kf8 21. Ne5 Nxe5 22. Bxe5 Nd7 23. Bd6+ Be7 24. Bxe7+ Kxe7 25. f3 Kd6 26. Bd3 f5 27. Ke2 Nf6 28. Kd2 g6 29. Ne2 e5 30. Nc3 Nd5 31. Bc2 Nxc3 32. Kxc3 Bc6 33. h4 Ke6 34. Bd1 h6 35. g3 Bd5 36. f4 Bc6 37. h5 gxh5 38. Bxh5 Be4 39. Be2 exf4 40. exf4 Kd5 41. a4 Bb1 42. axb5 axb5 43. Bxb5 Ke4 44. Bc6+ Ke3 45. b5 Bd3 46. b6 Ba6 47. b7 Bxb7 48. Bxb7 h5 49. Kc4 h4 50. Kd5 1-0

[Event "Mistrzostwa KPZSzach"]
[Site "?"]
[Date "2005.06.27"]
[Round "4"]
[White "Tarkowski Michal"]
[Black "Bursa Renata"]
[Result "1-0"]
[WhiteElo "1884"]
[BlackElo "2076"]
[PlyCount "75"]
[EventDate "2005.??.??"]
[Source "www.chesslib.no"]
[SourceDate "2004.05.04"]

1. d4 d5 2. c4 e6 3. Nc3 Nf6 4. Bf4 Bb4 5. e3 O-O 6. Nf3 Ne4 7. Qb3 Ba5 8. Bd3 f5 9. O-O c6 10. Qc2 Nd7 11. a3 g5 12. Bxe4 gxf4 13. Bd3 fxe3 14. fxe3 Nf6 15. cxd5 cxd5 16. b4 Bb6 17. Na4 Bc7 18. Be2 Bd7 19. Nc5 Rc8 20. Qd2 b6 21. Nd3 Ne4 22. Qb2 Bb5 23. Rac1 Bc4 24. Nfe5 b5 25. Nf4 Qf6 26. Nd7 Qh6 27. Nxf8 Rxf8 28. a4 a6 29. axb5 axb5 30. Ra1 Bb6 31. Ra6 e5 32. Bxc4 exf4 33. Bxd5+ Kh8 34. Rxf4 Rd8 35. Bxe4 Qxf4 36. exf4 Bxd4+ 37. Qxd4+ Rxd4 38. Bxf5 1-0

[Event "Mollerussa op-B"]
[Site "?"]
[Date "1997.??.??"]
[Round "7"]
[White "Sola Sendra Francesco"]
[Black "Cots Valls Antoni"]
[Result "0-1"]
[WhiteElo "1870"]
[BlackElo "1955"]
[PlyCount "70"]
[EventDate "1997.??.??"]
[Source "www.chesslib.no"]
[SourceDate "2004.05.04"]

1. d4 d5 2. c4 e6 3. Nc3 Nf6 4. Bf4 Bd6 5. Bxd6 cxd6 6. cxd5 exd5 7. e3 O-O 8. Bd3 Re8 9. Nge2 Nc6 10. a3 a6 11. O-O Ne7 12. Nf4 Bd7 13. Qb3 Bc6 14. Qc2 Rc8 15. Rac1 Qd7 16. Qe2 Nf5 17. Nh5 Qe6 18. Qf3 Ne4 19. Qh3 Ne7 20. g4 Ng6 21. f4 Nf8 22. f5 Qh6 23. Rf3 Ng5 24. Qg3 Nxf3+ 25. Qxf3 Rxe3 26. Qf1 Rxd3 27. Qxd3 Qxc1+ 28. Kf2 Re8 29. f6 Qe1+ 30. Kg2 g6 31. Ng3 Ne6 32. Qf3 Qd2+ 33. Nce2 Nxd4 34. Qf1 Nxe2 35. Kf2 Nxg3+ 0-1

[Event "Bruchkoebel"]
[Site "?"]
[Date "2002.03.30"]
[Round "11"]
[White "Rother Ulrich"]
[Black "Warnk Torsten"]
[Result "1/2-1/2"]
[WhiteElo "1795"]
[BlackElo "2024"]
[PlyCount "29"]
[EventDate "2002.??.??"]
[Source "www.chesslib.no"]
[SourceDate "2004.05.04"]

1. d4 d5 2. c4 e6 3. Nc3 Nf6 4. Bf4 a6 5. Nf3 Be7 6. Rc1 c6 7. c5 Nbd7 8. h3 O-O 9. e3 h6 10. Bd3 Nh7 11. Ne5 Nxe5 12. Bxe5 Bf6 13. Qc2 Ng5 14. Bxf6 Qxf6 15. f4 1/2-1/2

[Event "Ch Finland (team) (I Division)"]
[Site "Finland"]
[Date "1998.02.06"]
[Round "2"]
[White "Frade-Marques Helder"]
[Black "Abril Rodriguez, Rosa"]
[Result "1/2-1/2"]
[WhiteElo "1840"]
[BlackElo "1915"]
[PlyCount "31"]
[EventDate "1998.??.??"]
[Source "www.chesslib.no"]
[SourceDate "2004.05.04"]

1. d4 d5 2. c4 e6 3. Nc3 Nf6 4. Bf4 c6 5. e3 Bb4 6. Qc2 Qa5 7. f3 Nbd7 8. Bd3 dxc4 9. Bxc4 Nd5 10. Bxd5 cxd5 11. Nge2 Nb6 12. O-O Bd7 13. a3 Be7 14. Rac1 Nc4 15. e4 dxe4 16. Nxe4 1/2-1/2

[Event "Halle (Saale)(24.10.-05.11)"]
[Site "?"]
[Date "2004.10.27"]
[Round "4"]
[White "Ziltener Werner"]
[Black "Spindler Egbert"]
[Result "1-0"]
[WhiteElo "1974"]
[BlackElo "1763"]
[PlyCount "27"]
[EventDate "2004.??.??"]
[Source "www.chesslib.no"]
[SourceDate "2004.05.04"]

1. d4 d5 2. c4 e6 3. Nc3 Nf6 4. Bf4 Bd7 5. e3 a6 6. cxd5 Nxd5 7. Nxd5 exd5 8. Qb3 Bc6 9. Nf3 Be7 10. Bd3 Nd7 11. Rc1 f6 12. O-O Nb6 13. Qc2 Bd6 14. Bxh7 1-0

[Event "05sen.Europa-EM2005"]
[Site "?"]
[Date "2005.??.??"]
[Round "3"]
[White "Kepp Otto"]
[Black "Schwertel Johann"]
[Result "0-1"]
[WhiteElo "1776"]
[BlackElo "1926"]
[PlyCount "104"]
[EventDate "2005.??.??"]
[Source "www.chesslib.no"]
[SourceDate "2004.05.04"]

1. d4 d5 2. c4 e6 3. Nc3 Nf6 4. Bf4 c6 5. e3 Bd6 6. Bxd6 Qxd6 7. Bd3 O-O 8. Nf3 Nbd7 9. O-O Re8 10. Rc1 Nf8 11. c5 Qc7 12. Ne5 N6d7 13. f4 f6 14. Nf3 e5 15. fxe5 fxe5 16. Bf5 e4 17. Nh4 Nf6 18. Qe2 Ne6 19. Qf2 Rf8 20. Qe2 Bd7 21. b4 a6 22. a4 g6 23. Bxe6+ Bxe6 24. g3 Bg4 25. Qd2 Bh3 26. Ng2 Nh5 27. b5 axb5 28. axb5 Rxf1+ 29. Rxf1 Bg4 30. bxc6 bxc6 31. Qf2 Qe7 32. Qb2 Bh3 33. Nd1 Ng7 34. Nf2 Bxg2 35. Kxg2 Rf8 36. Ng4 h5 37. Ne5 Nf5 38. Qe2 Qe6 39. h3 Kg7 40. Rb1 Rf6 41. Rb7+ Ne7 42. Rc7 Kg8 43. g4 hxg4 44. hxg4 g5 45. Qa6 Rf8 46. Qa7 Qf6 47. Qa2 Qf1+ 48. Kg3 Qg1+ 49. Qg2 Qxe3+ 50. Kh2 Rf6 51. Qg3 Qe2+ 52. Kh1 Qf1+ 0-1

[Event "Tuebingen-ch55"]
[Site "Tuebingen"]
[Date "1996.??.??"]
[Round "?"]
[White "Rothfuss, Oliver"]
[Black "Braun, Thomas"]
[Result "1-0"]
[WhiteElo "2000"]
[BlackElo "1675"]
[PlyCount "131"]
[EventDate "1996.??.??"]
[Source "www.chesslib.no"]
[SourceDate "2004.05.04"]

1. d4 d5 2. c4 e6 3. Nc3 Nf6 4. Bf4 c6 5. e3 Nbd7 6. Qc2 Nh5 7. Bg3 Nxg3 8. hxg3 g6 9. Bd3 Nb6 10. c5 Nd7 11. f4 f5 12. g4 Bg7 13. gxf5 exf5 14. Nf3 Bf6 15. O-O-O Qe7 16. Kb1 Nf8 17. Ne5 Bxe5 18. fxe5 Qg5 19. Qf2 Bd7 20. Ne2 Ne6 21. Nf4 O-O-O 22. Rh3 Rdf8 23. Rdh1 Nxf4 24. exf4 Qe7 25. Rh6 Be6 26. Qh4 Qxh4 27. R1xh4 Kd7 28. Rxh7+ Rxh7 29. Rxh7+ Rf7 30. Rh3 Rg7 31. Rg3 Ke7 32. Kc2 Kf7 33. Kd2 Rh7 34. Bf1 Kg7 35. Ke2 Rh4 36. Rf3 g5 37. Ke3 g4 38. Rf2 Rh1 39. Ke2 Kf7 40. b4 a6 41. a4 Ke7 42. Ke1 Kd7 43. Rb2 Rh4 44. g3 Rh7 45. b5 axb5 46. axb5 Kc7 47. Kf2 Rh2+ 48. Bg2 Rh8 49. Ra2 Kb8 50. Kg1 Rh7 51. Bf1 Rc7 52. Rh2 Rc8 53. Rh6 Re8 54. Rf6 Kc7 55. Bd3 Kd7 56. bxc6+ bxc6 57. Bxf5 Bxf5 58. Rxf5 Ra8 59. Rf7+ Ke8 60. Rc7 Ra1+ 61. Kf2 Ra2+ 62. Ke1 Ra1+ 63. Kd2 Ra4 64. Rxc6 Rxd4+ 65. Kc3 Ra4 66. Rg6 1-0

[Event "Heider City-ch"]
[Site "?"]
[Date "2003.04.04"]
[Round "4.3"]
[White "Kruse Martin"]
[Black "Bonnke Christopher"]
[Result "1-0"]
[WhiteElo "1843"]
[BlackElo "1830"]
[PlyCount "87"]
[EventDate "2003.??.??"]
[Source "www.chesslib.no"]
[SourceDate "2004.05.04"]

1. d4 d5 2. c4 e6 3. Nc3 Nf6 4. Bf4 Bd6 5. Bg3 b6 6. cxd5 exd5 7. e3 O-O 8. Bd3 Nc6 9. Nf3 Bg4 10. Bh4 Be7 11. a3 Nh5 12. Bg3 Nf6 13. Rc1 Na5 14. b4 Nb7 15. Qb3 a5 16. b5 Rc8 17. Ne5 Be6 18. O-O Nd6 19. Rfd1 Nde4 20. Nxe4 dxe4 21. Bc4 Bxc4 22. Rxc4 Bd6 23. Bh4 Qe7 24. Ng4 Bxa3 25. Nxf6+ gxf6 26. Bxf6 Qxf6 27. Qxa3 Rfd8 28. Rc6 Qf5 29. Rdc1 Qxb5 30. Qe7 Qd5 31. Rxc7 Rxc7 32. Qxc7 Qd6 33. Qb7 Rb8 34. Qxe4 a4 35. h3 b5 36. Rc6 Qd7 37. Rh6 f5 38. Qe5 Rb7 39. Rd6 Qc7 40. Qe6+ Qf7 41. Rd8+ Kg7 42. Qe5+ Kg6 43. Rd6+ Kg5 44. Qf4+ 1-0

[Event "Solingen"]
[Site "?"]
[Date "2005.05.29"]
[Round "7"]
[White "Borchert Stephan"]
[Black "Cherednychek Nykyta"]
[Result "1-0"]
[WhiteElo "1821"]
[BlackElo "1741"]
[PlyCount "63"]
[EventDate "2005.??.??"]
[Source "www.chesslib.no"]
[SourceDate "2004.05.04"]

1. d4 d5 2. c4 e6 3. Nc3 Nf6 4. Bf4 c6 5. e3 Bd6 6. Bg3 O-O 7. Nf3 Re8 8. a3 a5 9. Bd3 Bxg3 10. hxg3 Nbd7 11. Qc2 h6 12. O-O Qe7 13. cxd5 exd5 14. Rab1 Ne4 15. Bxe4 dxe4 16. Nd2 Nf6 17. Na4 Bf5 18. Qc5 Qe6 19. Nb6 Ra6 20. Ndc4 Rd8 21. Nxa5 Ng4 22. Nac4 f6 23. Rfd1 Bg6 24. b4 Rd5 25. Nxd5 cxd5 26. b5 Qf5 27. Rb2 Ra8 28. Nb6 Rd8 29. Qc7 Re8 30. Qd7 Qh5 31. Qxd5+ Kh7 32. Qxh5 1-0

[Event "Ikaros Keo op"]
[Site "?"]
[Date "1997.??.??"]
[Round "6"]
[White "Vrettos Vasilios"]
[Black "Ioannides Efklidis"]
[Result "1-0"]
[WhiteElo "1815"]
[BlackElo "1710"]
[PlyCount "85"]
[EventDate "1997.??.??"]
[Source "www.chesslib.no"]
[SourceDate "2004.05.04"]

1. d4 d5 2. c4 e6 3. Nc3 Nf6 4. Bf4 c6 5. e3 Be7 6. cxd5 exd5 7. Bd3 Bg4 8. f3 Bh5 9. Qb3 Qb6 10. Qc2 O-O 11. g4 Bg6 12. Nge2 Nbd7 13. h4 Bxd3 14. Qxd3 Qa5 15. h5 Ne8 16. Qf5 Nb6 17. g5 Bb4 18. g6 h6 19. gxf7+ Rxf7 20. Qe6 Na4 21. O-O Nxc3 22. bxc3 Bxc3 23. Rab1 Kf8 24. Bd6+ Nxd6 25. Qxd6+ Ke8 26. Qe6+ Kf8 27. Nf4 Qc7 28. Ng6+ Kg8 29. Ne5 Raf8 30. Nxf7 Qg3+ 31. Kh1 Rxf7 32. Rxb7 Qh4+ 33. Kg2 Qxh5 34. Qe8+ Kh7 35. Qxf7 Qg5+ 36. Kf2 Bd2 37. Qe7 Qg6 38. Ke2 Ba5 39. Qc5 Bb6 40. Qc1 Qe8 41. Qc2+ Kh8 42. Qd3 Qc8 43. Rf7 1-0

[Event "Hammerfest"]
[Site "?"]
[Date "2002.09.22"]
[Round "7"]
[White "Storslett Roald"]
[Black "Romsdal Trond"]
[Result "0-1"]
[WhiteElo "1183"]
[BlackElo "2143"]
[PlyCount "96"]
[EventDate "2002.??.??"]
[Source "www.chesslib.no"]
[SourceDate "2004.05.04"]

1. d4 d5 2. c4 e6 3. Nc3 Nf6 4. Bf4 c6 5. e3 Qa5 6. a3 Ne4 7. Qc2 f5 8. Nf3 Bb4 9. Rc1 Bxc3+ 10. bxc3 Qxa3 11. cxd5 exd5 12. Be2 O-O 13. O-O b5 14. Ne5 Qe7 15. Ra1 a5 16. Ra2 Bd7 17. Rfa1 a4 18. h3 Be8 19. Qb2 g5 20. Bh2 Na6 21. f3 Nd6 22. Qa3 Rf6 23. Kh1 Ra7 24. Qc1 h6 25. Qc2 Nc7 26. Bd3 Ne6 27. e4 fxe4 28. fxe4 Nf4 29. exd5 Nxd3 30. Qxd3 cxd5 31. Ng4 Re6 32. Ne5 Ne4 33. Kg1 Raa6 34. Ng4 h5 35. Ne5 Rf6 36. Qe3 Rf8 37. Nd3 Raf6 38. Nb4 Qf7 39. Be5 Rf5 40. Re2 Rf1+ 41. Rxf1 Qxf1+ 42. Kh2 Rf2 43. Rxf2 Qxf2 44. Qxf2 Nxf2 45. Nxd5 Ne4 46. Nf6+ Nxf6 47. Bxf6 a3 48. Bxg5 a2 0-1

[Event "RL-op"]
[Site "Polch"]
[Date "1993.??.??"]
[Round "?"]
[White "Michels, Holger"]
[Black "Reuter, A."]
[Result "1-0"]
[WhiteElo "1675"]
[BlackElo "1645"]
[PlyCount "57"]
[EventDate "1993.??.??"]
[Source "www.chesslib.no"]
[SourceDate "2004.05.04"]

1. d4 d5 2. c4 e6 3. Nc3 Nf6 4. Bf4 Bd6 5. Bxd6 Qxd6 6. Nb5 Qb4+ 7. Qd2 Qxd2+ 8. Kxd2 Ne4+ 9. Ke1 Na6 10. cxd5 exd5 11. f3 Nf6 12. Rc1 O-O 13. Nxc7 Nxc7 14. Rxc7 Bf5 15. Rxb7 Rfc8 16. g4 Rc1+ 17. Kf2 Bxg4 18. fxg4 Nxg4+ 19. Kg2 Re8 20. Nf3 Ne3+ 21. Kf2 h5 22. Ne5 Nd1+ 23. Kf3 f6 24. Nd3 Re3+ 25. Kf4 g5+ 26. Kf5 Rc6 27. Bg2 Rce6 28. Rxd1 Rxe2 29. Rc1 1-0

[Event "Hallstahammar Open"]
[Site "?"]
[Date "2003.09.14"]
[Round "6"]
[White "Philips Eerik"]
[Black "Hagstrom Ake"]
[Result "1/2-1/2"]
[WhiteElo "1735"]
[BlackElo "1578"]
[PlyCount "128"]
[EventDate "2003.??.??"]
[Source "www.chesslib.no"]
[SourceDate "2004.05.04"]

1. d4 d5 2. c4 e6 3. Nc3 Nf6 4. Bf4 Bd6 5. Bxd6 cxd6 6. e3 O-O 7. cxd5 Nxd5 8. Nxd5 exd5 9. Bd3 Qe7 10. Nf3 Nd7 11. h3 Nb6 12. Qc2 g6 13. O-O Be6 14. b3 Rac8 15. Qd2 Qf6 16. Rac1 Bxh3 17. Be2 Be6 18. Qa5 Qd8 19. a4 a6 20. Qd2 Qe7 21. Rxc8 Rxc8 22. Rc1 Rc7 23. Rc3 h6 24. Qc1 Na8 25. b4 Qd7 26. b5 a5 27. Rxc7 Qxc7 28. Qxc7 Nxc7 29. Nd2 f5 30. Nb3 b6 31. f3 Kg7 32. Bd3 Kf6 33. Nxa5 Nxb5 34. axb5 bxa5 35. Bc2 Bc8 36. Ba4 Ke7 37. Bb3 Bb7 38. g4 Kf6 39. Kg2 Kg5 40. Kg3 fxg4 41. fxg4 h5 42. gxh5 gxh5 43. b6 h4+ 44. Kf3 h3 45. Kg3 h2 46. Kxh2 Kf6 47. Kg3 Ke7 48. Ba4 Kd8 49. Kf4 Ba6 50. e4 dxe4 51. Kxe4 Bc4 52. d5 Bf1 53. Kf5 Bh3+ 54. Kf6 Bg4 55. Kg5 Bh3 56. Kf6 Bg4 57. Kg5 Bh3 58. Kf6 Kc8 59. Bb3 Kb7 60. Ke7 Kxb6 61. Kxd6 Kb5 62. Ke7 a4 63. Ba2 Kb4 64. d6 a3 1/2-1/2

[Event "Tuebingen-ch55"]
[Site "Tuebingen"]
[Date "1996.??.??"]
[Round "?"]
[White "Berkemer, Rainer"]
[Black "Domres, Bernd"]
[Result "1-0"]
[WhiteElo "1695"]
[BlackElo "1605"]
[PlyCount "96"]
[EventDate "1996.??.??"]
[Source "www.chesslib.no"]
[SourceDate "2004.05.04"]

1. d4 d5 2. c4 e6 3. Nc3 Nf6 4. Bf4 Bd6 5. Bxd6 Qxd6 6. Nf3 O-O 7. e3 b6 8. Rc1 Bb7 9. Nb5 Qb4+ 10. Qd2 Qxd2+ 11. Nxd2 Na6 12. cxd5 Nxd5 13. e4 Nf6 14. Nxc7 Nxc7 15. Rxc7 Bxe4 16. Nxe4 Nxe4 17. Ba6 Rfd8 18. Bb7 Nxf2 19. Kxf2 Rab8 20. Rhc1 Rxd4 21. Rc8+ Rd8 22. Rxb8 Rxb8 23. Rc8+ Rxc8 24. Bxc8 Kf8 25. Ke3 Ke7 26. Kd4 Kd6 27. Ba6 e5+ 28. Kc4 f5 29. Kb4 Kd5 30. Bb7+ Kd6 31. Kb5 e4 32. Ka6 g5 33. Kxa7 e3 34. Bf3 g4 35. Be2 Kc5 36. h3 h5 37. hxg4 hxg4 38. Kb7 b5 39. Kc7 Kd4 40. Kc6 f4 41. Bxg4 Kd3 42. Kxb5 e2 43. Bxe2+ Kxe2 44. a4 Kf2 45. a5 Kxg2 46. a6 f3 47. a7 f2 48. a8=Q+ Kg1 1-0